[Event "Al Ain op 4th"]
[Site "Al Ain"]
[Date "2015.12.26"]
[Round "5"]
[White "Gupta, Abhijeet"]
[Black "Shirov, Alexei"]
[Result "0-1"]
[WhiteElo "2613"]
[BlackElo "2676"]
[Annotator "Mokal,P"]
[PlyCount "82"]
[EventDate "2015.12.23"]
[EventType "swiss"]
[EventRounds "9"]
[EventCountry "UAE"]
[SourceTitle "CBM 170"]
[Source "ChessBase"]
[SourceDate "2016.01.15"]
[SourceVersion "1"]
[SourceVersionDate "2016.01.15"]
[SourceQuality "1"]

1. d4 d5 2. c4 c6 3. Nf3 Nf6 4. Nc3 e6 5. g3 dxc4 6. Bg2 b5 7. Ne5 a6 8. O-O ({
Taking back the pawn immediately is known to free Black's game.} 8. Nxc6 Qb6 9.
Ne5 Bb7 10. e4 Bb4 (10... Nc6 11. Be3 Rd8 12. Nxc6 Qxc6 13. O-O Be7 14. a3 O-O
$13 {[%csl Re4][%cal Gb7g2,Re4e5] 0-1 Sokolov,I (2655)-Van Wely,L (2650)/
Netherlands 2010. Black was doing fine in spite of White's central control as
the Q+B battery did not allow White to push for >> play with e5.}) 11. O-O O-O
12. d5 Nbd7 13. Be3 Bc5 14. Bxc5 Qxc5 15. Nxd7 Nxd7 16. dxe6 Ne5 $1 $132 {
[%csl Rf2][%cal Ge5d3,Gf8f2,Gc5g1,Gd3f2] 0-1 Vachier Lagrave,M (2721)-Smeets,J
(2669)/Germany 2010; gave Black serious counterplay.}) 8... Bb7 9. b3 ({
Shirov has previously neutralised the other try for White here -} 9. a4 Be7 10.
axb5 axb5 11. Rxa8 Bxa8 12. Bf4 ({Anish Giri was doing fine with the back
pieces in a game analsyed by Krasenkow, which went -} 12. Nxb5 cxb5 13. Bxa8
O-O 14. Bg2 (14. Bf3 Nd5 15. h4 Qc7 16. Bd2 Bf6 17. e4 Bxe5 18. dxe5 Ne7 19.
Bb4 Nbc6 20. Bd6 Qb6 $15 {1/2 Topalov,V (2796)-Ivanchuk,V (2779)/Nice 2009/CBM
129 Extra (39)}) 14... Nd5 15. f4 Bd6 (15... f6 $5) 16. e3 Bxe5 17. fxe5 Nc6
18. Qg4 $6 (18. Bd2 $5 $13 Qd7 $140 19. Qa1) 18... Qd7 19. h4 Ncb4 $1 $132 {
[%cal Gf7f5] 1-0 Nyzhnyk,I (2585)-Giri,A (2717)/Plovdiv 2012/CBM 148/
[Krasenkow] (29)}) 12... Nd5 13. Qa1 Bb7 14. Qa7 Qc8 15. Nxc4 Nxf4 16. Nb6
Nxe2+ $1 17. Nxe2 Qc7 18. Na8 Qc8 19. Nb6 Qc7 20. Na8 Qc8 21. Nb6 {1/2-1/2
Vachier Lagrave,M (2722)-Shirov,A (2714)/Biel 2011/CBM 144}) 9... b4 ({A solid
option is} 9... cxb3 10. axb3 Be7 11. Bb2 O-O 12. Qc2 (12. Ne4 $5 Nd5 13. Qc1 (
13. Nc5 $5 Bxc5 14. dxc5 $36) 13... Nd7 14. Nxd7 Qxd7 15. Nc5 Qc7 16. Rd1 Rfd8
17. e3 a5 18. Ba3 b4 19. Bb2 Ba6 20. e4 Nf6 21. Nxa6 Rxa6 22. Qc4 Qb6 23. Rdc1
g6 24. Qe2 Ra7 25. Rc4 Ne8 26. Qc2 (26. e5 c5 27. Qe3 Rad7 $5 28. dxc5 Rd1+ 29.
Rxd1 Rxd1+ 30. Bf1 Qc6 $132) 26... Rc7 27. e5 c5 $132 {Dubov,D (2629)-Shirov,A
(2675)/Moscow rpd/2014/}) {According to Stohl in CBM 165, Black should have
been more generous with} 12... Nbd7 $1 ({Giri played the anti-developing} 12...
Nfd7 $6 {when Kramnik's} 13. Nd3 $1 $14 {[%csl Rb8,Rd7][%cal Yc3e4,Ye4c5,Yb3b4,
Yb2a3] gave him a pleasant position in 1-0 Kramnik,V (2760)-Giri,A (2776)/Doha
2014.}) 13. Nxc6 {Other moves like 13.Nd3 or 13.Rfc1 retain pressure and
compensation, but White can't justifiably claim an advantage.} (13. Bxc6 Qc7
14. Bxb7 Qxb7 $11) 13... Bxc6 14. Bxc6 Rc8 15. Bxd7 (15. Rxa6 $6 b4 {[%cal
Rd7b8]}) 15... Qxd7 16. Qd3 Qb7 17. f3 Rfd8 $15 {Onischuk,A (2699)-Roussel
Roozmon,T (2487)/Montreal/2009/ (23)}) 10. Na4 c3 11. Nc4 {This position has
been seen previously in Gleizerov's games and he has usually managed to create
serious problems for his opponent.} a5 (11... Nbd7 12. Bf4 a5 13. a3 Nd5 $5 14.
Nd6+ Bxd6 15. Bxd6 Nb8 16. Bc5 Na6 17. e4 Ndc7 18. Bb6 $14 {White had a very
pleasant position but Black survived in spite of} O-O $2 19. Bxa5 $16 {1/2-1/2
Gleizerov,E (2549)-Hovhanisian,M (2513)/Charleroi BEL 2014}) 12. a3 Ba6 13.
axb4 axb4 14. Nc5 Bxc5 15. dxc5 Qxd1 (15... O-O 16. Bf4 Nd5 17. Bd6 Nd7 18. e4
N5f6 19. Ra4 $1 $16 {1-0 Gleizerov,E (2531)-Bruno,F (2413)/Sibenik CRO 2014 
(38), was again very strong for White.}) 16. Rxd1 O-O 17. Bf4 Nd5 $146 {
Shirov's novelty.} ({Previously Black had played} 17... Nbd7 18. Bxc6 {and
then erred with} Bxc4 $2 {giving White an easy win after} 19. Rxa8 Rxa8 20.
Bxa8 Bxb3 21. Rd4 $18 g5 22. Rxb4 Nxc5 23. Bxg5 Kg7 24. Kf1 Nfd7 25. Ke1 f5 26.
Be3 c2 27. Kd2 Ba4 28. Bxc5 Nxc5 29. Rc4 {1-0 Gleizerov,E (2546)
-Solodovnichenko,Y (2543)/Koge 2013}) 18. Bxd5 (18. Bd6 $5 Rd8 19. Bxd5 cxd5
20. Nb6 Nc6 21. Nxa8 Bxe2 $13 ({If Black continues as in the game then after} 
21... Rxa8 22. Ra2 Bb7 23. Rxa8+ Bxa8 {the situation is different as White has
his B on d6 rather than f4 and this saves him a tempo as he does not have to
worry about ...e5.})) 18... cxd5 (18... exd5 $17 {looks good as Black keeps
his pawn mass without allowing White a passed pawn in the c-file.} 19. Nb6 (19.
Ne5 Bxe2 20. Rxa8 Bxd1 21. Nd3 Nd7 22. Ra7 (22. Rxf8+ Nxf8 23. Nxb4 Ne6 24. Bd6
Bxb3 25. f3 (25. Kf1 c2 26. Nd3 Bc4) 25... d4 26. Nd3 Bc4 27. Nc1 d3 $19) 22...
Be2 23. Nxb4 Nxc5 $19) (19. Ne3 Nd7 {[%cal Gd7c5]} 20. Bd6 Rfe8 {[%csl Re2]
The problem for White is that he is not in a position to support the e2-P, for
example} 21. Re1 (21. Kf1 d4 $1 22. Rxd4 Bxe2+ $19) 21... Bxe2 22. Rxa8 Rxa8
23. Rxe2 d4 $19 {[%cal Gd4d3,Gc3c2,Gd3d2]}) 19... Bxe2 20. Nxa8 (20. Rxa8 Bxd1
{[%csl Gc3,Gd5]} 21. Rxb8 Rxb8 22. Bxb8 d4 23. Kf1 Bxb3 $19) 20... Bxd1 21.
Rxd1 Na6 22. Nb6 Nxc5 $19) 19. Nb6 Nc6 (19... Bxe2 {involved complex
calculations, ideal for the engines, but probably a bit too much for mortals.}
20. Rxa8 (20. Nxa8 Bxd1 21. Rxd1 Na6 22. Nb6 Nxc5) 20... Bxd1 21. Rxb8 Rxb8 22.
Bxb8 f6 23. c6 (23. Nxd5 exd5 24. c6 Kf7 25. Bd6 Ke6 26. Bxb4 d4) (23. Bf4 e5
24. Bc1 Bxb3 25. c6 d4) 23... e5 (23... c2 24. Bf4) 24. f3 (24. c7 Bg4 $19)
24... c2 (24... Bxf3 25. Kf2 c2 26. Kxf3 c1=Q 27. c7 $13) 25. c7 c1=Q 26. c8=Q+
Qxc8 27. Nxc8 Bxb3 28. Bd6 Bd1 29. Bxb4 Bxf3 $11) 20. Nxa8 Rxa8 21. Ra2 Bb7 22.
Rxa8+ Bxa8 23. Bc7 (23. Ra1 Bb7 {[%csl Ra5,Ra6,Ra7,Ra8] and the rook does not
get an entry.}) 23... e5 $1 {As Rxd5 does not work, it is time to get the
pawns rolling.} 24. Kf1 (24. Rxd5 c2 $19) 24... f6 (24... Nd4 $5 25. Bxe5 (25.
Ra1 Bc6 $19 {[%cal Gd4b3]}) (25. Rxd4 $2 c2 $1 $19) 25... Nxb3 26. Bf4 Nxc5 $15
) 25. Ke1 d4 ({The problem with} 25... Nd4 {is the opposite coloured bishop
endgame.} 26. Rxd4 exd4 27. Ba5 $11) 26. Ra1 Bb7 27. Ba5 ({Natural play 
(getting the K closer) does not help White, for example} 27. Kd1 d3 (27... e4
$5 28. Bf4 (28. Kc2 d3+ 29. exd3 Nd4+ 30. Kd1 exd3 $19) 28... Kf7 $17) 28. exd3
(28. Bb6 e4 $19) 28... Nd4 {[%cal Gb7f3]} 29. Ba5 (29. Ra4 Bf3+ 30. Kc1 Nxb3+
31. Kb1 Be2 $19) 29... Bf3+ 30. Kc1 (30. Ke1 Nc2+) 30... Nxb3+ 31. Kb1 Bd1 $1
32. c6 c2+ 33. Kb2 Nxa1 34. c7 Bg4 35. Bxb4 Nb3 36. Kxc2 Nd4+ $19) 27... e4 28.
Ra4 Nxa5 29. Rxa5 d3 30. c6 $8 {[%cal Ga5d5] White's best chance is to cover
d5.} (30. Ra7 d2+ 31. Kd1 Bd5 $19) 30... Bxc6 31. Rc5 Bd7 32. Rc4 Bb5 $2 {
Allowing White a chance to stay in the game.} (32... Be6 $142 33. Rxb4 Kf7 34.
Rb7+ Ke8 $17 {is similar to the position after Black's 35th move in the main
game.}) 33. Rc5 (33. Rxb4 $2 c2 34. Kd2 e3+ $1 35. fxe3 dxe2 $19) (33. Rxe4 $5
dxe2 $15 {keeps the white pieces tied down for a while as} 34. Rxb4 $2 {
loses to} c2 $19) 33... Ba6 34. Rc6 Bb7 35. Rc4 $2 {White returns the favour.}
({The d5-square had to be covered.} 35. Rd6 $142 c2 (35... d2+ 36. Kd1 e3 $8 (
36... Kf8 37. Rd4 f5 38. Rxb4 Bd5 39. Kc2 e3 (39... Ke7 40. Rd4 Kd6 41. Kxc3
$18) 40. fxe3 Be4+ 41. Kd1 Bd5 42. g4 $18) 37. fxe3 Be4 38. Rd4 Bb1 39. Rxb4
Ba2 $1 $11 {[%csl Rb4,Rd1] Keeping White's R and K tied down.}) 36. Kd2 dxe2
37. Rd8+ Kf7 38. Rd7+ Ke6 39. Rc7 Bd5 40. Rxc2 f5 41. Rc5 Bxb3 42. Rb5 Bc4 43.
Rxb4 Bd3 $11) ({Also possible was} 35. Rc5 $5 h6 36. Rb5 Bc6 37. Rxb4 Bd5 38.
Rb5 Be6 $11) 35... Bd5 $1 36. Rxb4 Kf7 {Black now threatens ...c2, Kd2 dxe2
and even if that threat is stopped White will soon end up in zugzwang as the
black king makes its presence felt.} 37. e3 (37. Rd4 $2 c2 38. Kd2 dxe2 $19) (
37. Rb8 Ke6 $19 {will be somewhat similar to the game.} (37... c2 $6 38. Rc8))
37... Ke6 38. h3 h5 39. Kd1 Kd6 40. Kc1 Kc5 41. Rb8 Be6 (41... Be6 42. Rb7 Kc6
43. Rb4 g6 $22 {Zugzwang} 44. h4 {leaves the g4-square for the bishop.} (44.
Kd1 {drops the h3-pawn and then again Black's bishop will use the g4-square,
for example} Kc5 45. Rb7 Bxh3 $19) 44... Kc5 45. Rb7 d2+ 46. Kc2 Bg4 $19) 0-1

[Event "World Women-ch k.o."]
[Site "Teheran"]
[Date "2017.02.16"]
[Round "2.3"]
[White "Zhao, Xue"]
[Black "Padmini, Rout"]
[Result "0-1"]
[WhiteElo "2505"]
[BlackElo "2387"]
[Annotator "Moradiabadi,E"]
[PlyCount "130"]
[EventDate "2017.02.11"]
[EventType "k.o."]
[EventRounds "7"]
[EventCountry "IRI"]
[SourceTitle "CBM 177"]
[Source "ChessBase"]
[SourceDate "2017.03.16"]
[SourceVersion "1"]
[SourceVersionDate "2017.03.16"]
[SourceQuality "1"]

1. d4 d5 2. c4 e6 3. Nf3 Nf6 4. g3 dxc4 5. Bg2 Bd7 6. Nbd2 Bc6 7. Nxc4 Bb4+ 8.
Bd2 Bxd2+ 9. Qxd2 O-O 10. O-O Bd5 11. Rac1 Nc6 12. Rfd1 a5 13. a3 a4 14. Qf4
Nh5 15. Qe3 f5 16. Nfe5 f4 17. Qd3 Na5 18. Nxa5 Rxa5 19. Bf3 Bxf3 20. Nxf3 c6
21. Rc4 Qd6 22. Kg2 Nf6 23. Qc2 Rfa8 24. Rc5 h6 25. Re5 Nd5 26. Qe4 fxg3 27.
hxg3 Nf6 28. Qc2 Nd7 29. Re3 Qd5 30. Rh1 Qf5 31. Qc4 Rd5 32. Rh4 Qg6 33. Qb4
Rb5 34. Qd6 Nf8 35. Ne5 {Zhao Xue has shown her class so far and gets the
upper-hand on the white side of an unconventional Catalan. However, in a rapid
game, it is tactical alertness which is the most decisive!} Qe8 36. Nc4 $4 {
This loses an exchange.} (36. Rf4 Rd8 37. Rxf8+ Qxf8 38. Qxe6+ Kh7 39. Qg6+ Kg8
40. Rf3 Qd6 41. Qf7+ Kh8 {and Black will sacrifice on e5 to keep herself in
the game.}) 36... Rd8 $1 {Suddenly White's queen does not have anywhere good
to go!} 37. Qc7 (37. Qf4 Ng6) 37... Rd7 38. Nd6 $2 Qe7 {The game is over.} 39.
Qxd7 Qxd7 40. Nxb5 cxb5 41. Rhe4 Qd5 42. Kg1 Qa2 43. d5 Qxd5 44. Rb4 Nd7 45.
Rd3 Qc6 46. Rc3 Qd5 47. Rd3 Qc6 48. Rc3 Qb6 49. Rc8+ Kh7 50. Rf4 Nf6 51. e3 e5
52. Rb4 Nd5 53. Rh4 Qe6 54. Rb8 Qc6 55. Rd8 Nf6 56. Rb4 e4 57. Kg2 Qc5 58. Rbd4
Qh5 59. Rd1 Ng4 60. Rh1 Qf5 61. Rd2 Qf3+ 62. Kg1 Ne5 63. Rd5 Nd3 64. Rh2 Qd1+
65. Kg2 Ne1+ 0-1

[Event "Olympiad-42"]
[Site "Baku"]
[Date "2016.09.06"]
[Round "5.1"]
[White "Mamedyarov, Shakhriyar"]
[Black "Harikrishna, Pentala"]
[Result "0-1"]
[WhiteElo "2761"]
[BlackElo "2752"]
[Annotator "Moradiabadi,E"]
[PlyCount "68"]
[EventDate "2016.09.02"]
[EventType "team-swiss"]
[EventRounds "11"]
[EventCountry "AZE"]
[SourceTitle "CBM 175"]
[Source "ChessBase"]
[SourceDate "2016.11.10"]
[SourceVersion "1"]
[SourceVersionDate "2016.11.10"]
[SourceQuality "1"]
[WhiteTeam "Azerbaijan"]
[BlackTeam "India"]
[WhiteTeamCountry "AZE"]
[BlackTeamCountry "IND"]

{Both Azerbaijan and India had a great start at the 2016 chess Olympiad. This
crucial fifth round encounter had a great impact on the path of these two
teams toward the end of the tournament: the Indians kept their chances for the
medal until the very last minute and finished 4th, while 'the hosts' did not
manage to find their right momentum ever again after losing this fifth round
match to India. Mamedyarov had a great start up to this point, scoring 4 out
of 4. His flamboyant and aggressive style now had a new test against India's
super-GM Pentala Harikrishna.} 1. d4 d5 2. c4 e6 3. Nc3 Nf6 {Harikrishna
offers the chance of 4.cxd5 to Mamedyarov. Whether he was going to take on d5
with the knight or pawn will remain unknown.} 4. Nf3 c6 {A surprise by
Harikrishna: instead of going for a solid opening, Harikrishna offers the
chance of entering the Moscow or Botvinnik System.} 5. g3 $5 {An interesting
decision. Mamedyarov follows in Kramnik's footsteps. After Kramnik's victory
against Giri in the Qatar open in 2014, 5.g3 has become a strong alternative
instead of 5.Bg5.} dxc4 6. Bg2 {} b5 ({Another strong alternative is} 6...
Nbd7 7. a4 Bb4 8. O-O O-O 9. Qc2 Qe7 10. a5 e5 11. Rd1 a6 $13 {1/2-1/2 (102)
Giri,A (2784)-Ivanchuk,V (2715) Wijk aan Zee 2015}) 7. O-O Bb7 8. Ne5 {
Mamedyarov chooses to follow Kramnik's path.} (8. b3 {has only been played
once in top level chess, when Nakamura employed it against Alex Lenderman:}
cxb3 $6 (8... b4 9. Na4 c3 {seems to be a must for Black.} 10. a3 a5 11. Ne5
Nbd7 $1 12. Bg5 Be7 13. Bxc6 Bxc6 14. Nxc6 Qc7 15. Nxe7 Kxe7 16. e4 h6 {
looks good for Black but further analyses are needed.}) 9. Qxb3 Be7 10. Ne5 a6
11. Rd1 O-O 12. Ne4 Qc7 13. Ng5 a5 14. Bh3 a4 15. Qc2 Bc8 16. Bf4 Qd8 17. Ng4
g6 18. Nxf6+ Bxf6 19. Ne4 Bg7 20. Bg2 Qb6 21. Bd6 Re8 22. Rac1 Qd8 23. Bc5 Ba6
24. Bb4 Qc7 25. d5 exd5 26. Nd6 Qd7 27. Nxe8 Qxe8 28. e4 d4 29. e5 h5 30. f4 f6
31. Rxd4 fxe5 32. fxe5 Bc8 33. Rcd1 Bd7 34. Rd6 Qxe5 35. Qxg6 Qf5 36. Bc3 Qf7
37. Rf1 Qxg6 38. Rxg6 {1-0 (38) Nakamura,H (2787)-Lenderman,A (2618) Saint
Louis 2016}) 8... a6 (8... Nd5 9. a4 a6 10. e4 Nxc3 11. bxc3 Nd7 12. f4 {
is another well-probed continuation in this line.}) 9. b3 b4 {Harikrishna
deviates from Kramnik-Giri's game. After Giri lost to Kramnik, this move has
become more popular among theoreticians and top GMs.} (9... cxb3 10. axb3 Be7
11. Bb2 O-O 12. Qc2 Nfd7 13. Nd3 Qb6 14. Ne4 a5 15. Ndc5 Bc8 16. Qc3 b4 17. Qe3
Na6 18. Rfc1 Nc7 19. Nxd7 Bxd7 20. Nc5 Be8 21. Ra2 Qb5 22. Qd3 Qxd3 23. Nxd3
Nd5 24. Ne5 Ra6 25. Bf1 Nc3 26. Bxc3 bxc3 27. Rxc3 c5 28. dxc5 Bf6 29. f4 Bb5
30. Bg2 Ra7 31. c6 Be7 32. Be4 f6 33. Nf3 Rd8 34. e3 e5 35. fxe5 fxe5 36. Rc1
a4 37. bxa4 {1-0 (37) Kramnik,V (2760)-Giri,A (2776) Doha 2014}) 10. Ne4 (10.
Na4 $6 c3 11. Nc4 a5 12. a3 Ba6 $1 13. axb4 axb4 14. Nc5 Bxc5 15. dxc5 Qxd1 $1
(15... O-O 16. Bf4 Nd5 17. Bd6 Nd7 18. e4 $13 Nc7 $1 $146 (18... N5f6 19. Ra4
Nxc5 20. Bxc5 Qxd1 21. Rxd1 Bxc4 22. Bxf8 Rxf8 23. Rxb4 Be2 24. Rc1 Rd8 25. h3
g5 26. Rxc3 Rd1+ 27. Kh2 Bb5 28. Rc2 e5 29. Bf3 Re1 30. Rc5 Nd7 31. Rcxb5 cxb5
32. Rxb5 h6 33. Rd5 Nf6 34. Rxe5 Rb1 35. Rf5 Kg7 36. e5 Ng8 37. Bd5 f6 38. Bxg8
{1-0 (38) Gleizerov,E (2531)-Bruno,F (2413) Sibenik 2014})) 16. Rxd1 O-O 17.
Bf4 Nd5 (17... Nbd7 $4 18. Bxc6 Bxc4 19. Rxa8 Rxa8 20. Bxa8 Bxb3 21. Rd4 g5 22.
Rxb4 Nxc5 23. Bxg5 Kg7 24. Kf1 Nfd7 25. Ke1 f5 26. Be3 c2 27. Kd2 Ba4 28. Bxc5
Nxc5 29. Rc4 {1-0 (29) Gleizerov,E (2546)-Solodovnichenko,Y (2543) Koge 2013})
18. Bd6 (18. Bxd5 $2 cxd5 19. Nb6 Nc6 20. Nxa8 Rxa8 21. Ra2 Bb7 22. Rxa8+ Bxa8
23. Bc7 e5 24. Kf1 f6 25. Ke1 d4 26. Ra1 Bb7 27. Ba5 e4 28. Ra4 Nxa5 29. Rxa5
d3 30. c6 Bxc6 31. Rc5 Bd7 32. Rc4 Bb5 33. Rc5 Ba6 34. Rc6 Bb7 35. Rc4 Bd5 36.
Rxb4 Kf7 37. e3 Ke6 38. h3 h5 39. Kd1 Kd6 40. Kc1 Kc5 41. Rb8 Be6 {0-1 (41)
Gupta,A (2613)-Shirov,A (2676) Al Ain 2015}) 18... Rd8 $13) 10... Nxe4 11. Bxe4
c3 12. a3 a5 13. axb4 Bxb4 $5 $146 {Harikrishna's novelty which engines love!}
(13... axb4 14. Bf4 Nd7 15. Bxc6 Bxc6 16. Nxc6 Qc8 17. Rxa8 (17. Na5 $2 Be7 18.
d5 O-O 19. e4 exd5 20. exd5 Bc5 21. Qd3 Nf6 22. Qc4 Qh3 23. Qxc5 Ng4 24. Rfe1
Rfe8 25. Rxe8+ Rxe8 26. Be3 Nxh2 27. f3 Qxg3+ 28. Kh1 Nxf3 {0-1 (28) Baron,T 
(2524)-Shirov,A (2702) Riga 2015}) 17... Qxa8 18. d5 Bc5 19. Qd3 O-O 20. dxe6
Qxc6 21. exd7 Rd8 22. Rd1 Bb6 23. e4 h6 24. h4 Qe6 25. Qd5 Qg4 26. Kg2 c2 27.
Rc1 Qe2 $4 (27... Rxd7 28. Qb5 Qe6 29. Qxb4 Rd3 30. Rxc2 Qg4 $1 31. Rc1 Qf3+
32. Kh3 Qxf4 33. Rc8+ Kh7 34. Qxb6 Qf3 $11) 28. Rf1 Bc7 29. e5 Qg4 30. Rc1 Rxd7
31. Qa8+ Rd8 32. Qc6 g5 33. e6 gxf4 34. Qxc7 f3+ 35. Kh2 Rd2 36. Rxc2 Rxc2 37.
exf7+ Kg7 38. Qxc2 {1-0 (38) Ding,L (2778)-So,W (2775) Shanghai 2016}) 14. Qd3
Qe7 {} 15. Bxh7 Nd7 16. Be4 Nxe5 17. dxe5 {} Rd8 {The beginning of a complex
plan. Harikrishna keeps playing very provocatively.} (17... Rb8 18. h4 c5 19.
Rd1 O-O 20. Bg5 Qc7 21. Bxb7 Rxb7 22. Qe4 Rc8 23. h5 c2 $1 (23... c4 $2 24. h6
$1 Be7 (24... cxb3 25. hxg7 c2 26. Qh4 (26. Qh1 {funnily enough, this wins as
well.}) 26... cxd1=Q+ 27. Rxd1 f6 28. Qh8+ Kf7 29. Qh7 Rg8 30. Bxf6 Qc2 31.
Qxg8+ $1) 25. Bf6 Bxf6 26. exf6 gxf6 27. bxc4 c2 28. Qxc2 Qe5 29. Qd2 {with
some advantage for White.}) 24. Qxc2 Qxe5 25. Bf4 Qxh5 26. Qc4 {and Black is
definitely not worse.}) 18. Qf3 Rd5 $5 {This exchange sacrifice is an obvious
follow up to Black's previous move.} 19. Qg4 Kf8 {} 20. Bxd5 exd5 {Black
needs the c-pawn's support in order to be able to open up the a8-h1 diagonal.
In spite of White's material advantage, the position remains unclear. There
are way too many criteria to consider in order to judge who is better here.}
21. Ra4 c5 {} 22. Ba3 {Mamedyarov opens the a-file with brute force. This
comes at the cost of a better pawn structure for Black which looks like a
scary mass of advanced pawns.} Rh6 23. Bxb4 {} axb4 {} 24. Rfa1 Qe8 $6 {
The first real inaccuracy in this game. This move does not change the overall
evaluation of the position but it makes Black's task a bit more difficult.} (
24... Kg8 25. Ra7 Qc7 {seems simpler. This forces White to go for a perpetual.}
26. h4 Rb6 (26... d4 $4 27. Ra8+ Bxa8 28. Rxa8+ Kh7 29. Qf5+ Rg6 30. h5 $18)
27. h5 Qxe5 28. Rxb7 Rxb7 29. Qc8+ Kh7 30. Qxb7 c2 31. Rc1 Qb2 $11) 25. Ra7 Qc6
26. Qg5 Re6 27. Qd8+ Re8 {} 28. Qd6+ Kg8 {Harikrishna has handled the
difficult moves and it is now White's turn to be careful. Black's king is safe
now and Black's pawns are going to become dangerous very soon.} 29. Rxb7 $4 {
A tactical overshight by Mamedyarov in time pressure.} (29. f3 d4 30. Kf2 Qd5
31. h4 c2 32. Rxb7 Qxb7 33. Rc1 Qc8 34. Rxc2 Qh3 35. Rxc5 d3 $1 {an important
tactical nuisance.} 36. exd3 Qh2+ 37. Ke3 Qxg3 {and White's king has no real
shelter to run to, thefore Black will not have a difficult task to find a
perpetual here.}) 29... Qxb7 30. Qxc5 Rxe5 {The position is close to winning
for Black but Mamedyarov does not make things difficult for Harikrishna.} 31.
Ra7 $4 d4 $1 {A nice and decisive tactical sequence which yields a winning
endgame for Harikrishna.} 32. Qxd4 Rd5 33. Rxb7 Rxd4 34. Kg2 Rd1 {The point:
Black is threatening ...c2, and when White prevents it, he would go and grab
the b3-pawn, after which, Black's passed pawns will decided the game.} 0-1

[Event "Gibraltar Masters 15th"]
[Site "Caleta"]
[Date "2017.02.02"]
[Round "10"]
[White "Donchenko, Alexander"]
[Black "Naiditsch, Arkadij"]
[Result "0-1"]
[WhiteElo "2559"]
[BlackElo "2702"]
[Annotator "Navara,D"]
[PlyCount "102"]
[EventDate "2017.01.24"]
[EventType "swiss"]
[EventRounds "10"]
[EventCountry "GGB"]
[SourceTitle "CBM 177"]
[Source "ChessBase"]
[SourceDate "2017.03.16"]
[SourceVersion "1"]
[SourceVersionDate "2017.03.16"]
[SourceQuality "1"]

1. d4 Nf6 2. Nf3 d5 3. c4 e6 4. g3 dxc4 5. Bg2 a6 6. O-O Nc6 7. e3 Rb8 8. Nfd2
Qd7 9. Nxc4 b5 10. Ncd2 {I was taught that this line should be slightly better
for White due to Black's backward c7-pawn, but modern chess is quite dynamic.
Arkadij is seven months younger than me, so perhaps he feels the dynamics
better.} Be7 11. Nc3 O-O 12. Nb3 Rd8 13. Bd2 Bb7 14. a3 Ba8 15. f4 Qe8 16. Qc2
a5 17. Nc1 {It was not easy to foresee Black's subsequent move.} (17. Ne4 Nxe4
18. Bxe4 a4 19. Nc1 {would be more circumspect.}) 17... Nb4 $5 {The knight was
not standing particularly well on c6. Arkadij finds an imaginative way to
exchange it, thus gaining the initiative. Still, the position remains
approximately equal.} 18. axb4 Bxg2 19. Kxg2 Qc6+ 20. Kg1 axb4 21. Nd3 bxc3 22.
Qxc3 Qb7 23. Qc2 Bd6 24. Rfc1 Ra8 25. Rxa8 Rxa8 26. Qc6 Qxc6 27. Rxc6 Ra2 28.
Rc2 Ne4 29. Bb4 f5 30. Kg2 Kf7 31. Bxd6 cxd6 32. Rc7+ $6 {This is overly
optimistic.} (32. d5 $5 exd5 33. Nb4 {would maintain the balance.}) 32... Kf6
33. Rb7 $2 Ra1 $1 {White must have underestimated this rook shift.} 34. Nf2 (
34. Rxb5 Rd1 35. Nb4 Rd2+ 36. Kg1 Re2 $15) 34... Nd2 $1 35. d5 (35. Rxb5 Re1
36. d5 $15 {would minimise the damage.}) 35... exd5 36. Rxb5 Nc4 $1 37. b3 (37.
Nd3 $5 Rd1 38. Nb4 Ke6 {was also unpleasant for White.}) 37... Nxe3+ 38. Kf3 d4
(38... Nf1 $5 39. Rxd5 Ke6 $17) 39. Rb4 Nc2 40. Rc4 Ra2 {Black is threatening
mate in one!} 41. Nd3 Ke6 42. h3 $2 {The decisive mistake.} (42. Ra4 $1 Rxa4
43. bxa4 Kd5 44. a5 Kc6 45. Ke2 Kb5 46. Kd2 Ne3 47. Nb2 $1 {followed by Kd3
would give White much better chances of survival.}) 42... Na1 $1 {This knight
has worked wonders!} 43. Rxd4 (43. Ra4 Rd2 $1 {is no longer playable for White.
}) 43... Nxb3 44. Rb4 Nd2+ 45. Ke3 Nf1+ 46. Kf3 Nh2+ 47. Ke3 Rg2 48. Rb3 h5 49.
Ra3 Rxg3+ 50. Kf2 h4 51. Rc3 Nf3 0-1